Score 0/30 Timer 05:00
0 Plays Today
Use of Magic Character % Correct
Throws FireballsRegina the Queen
98.3%
Teaches Dark MagicRumplestiltskin
96.3%
Turns Pinnochio HumanThe Blue Fairy
94.4%
Flies on a BroomstickWicked Witch of the West
84.9%
Freezes Grumpy's TruckElsa
84.6%
Casts a Protection SpellEmma Swan
84.2%
Traps Himself in a MirrorGenie of Agrabah
82.1%
Enacts a Sleeping CurseMaleficent
80.7%
Builds an Ice WallIngrid, The Snow Queen
80.1%
Tries to Send Cinderella to the BallFairy Godmother
76.6%
Transforms Into Other PeopleCora, Queen of Hearts
76.2%
Rules the OceanUrsula
74.8%
Puts Snow White's Name on a GraveHades
73.6%
Finds Regina's Second LoveTinkerbell
73%
Traps Agrabah in a RingJafar
66.8%
Use of Magic Character % Correct
Creates the Dark CurseThe Black Fairy
65.9%
Awakens DreamyNova
65.6%
Ensnares ChildrenPeter Pan
61.1%
PersuasionCruella de Vil
61%
Grows Middlemist FlowersMerlin
54.6%
Heals HimselfCaptain Hook
53.5%
Travels Between WorldsThe Mad Hatter
52.3%
Brands Her SlavesBo Peep
43.7%
Puts Magic into a PendantGlinda
42.5%
Protects Baby RumplestiltskinTiger Lily
41.7%
Opens a Portal to the Dark RealmGideon
31.5%
Chokes a Protesting CoupleZoso
29.3%
Creates a PortalThe Apprentice
28.7%
Creates a Magic HelmThe Witch
28.3%
Heals Deadly AilmentsThe Dragon
18.3%
Remove Ads.
Support Sporcle.
Get the best of Sporcle when you Go Orange. This ad-free experience offers more features, more stats, and more fun while also helping to support Sporcle. Thank you for becoming a member.

You're not logged in!

Compare scores with friends on all Sporcle quizzes.
OR
Log In

Show Comments

Extras

Top Quizzes Today


Score Distribution

Your Account Isn't Verified!

In order to create a playlist on Sporcle, you need to verify the email address you used during registration. Go to your Sporcle Settings to finish the process.

Report this User

Report this user for behavior that violates our Community Guidelines.

Details: